| 000 | 00569nam a22001937a 4500 | ||
|---|---|---|---|
| 003 | OSt | ||
| 005 | 20150326123335.0 | ||
| 008 | 150326b xxu||||| |||| 00| 0 eng d | ||
| 020 | _a07506187x | ||
| 040 | _cDNLM | ||
| 082 | _aWM 18 M323m 1995 | ||
| 100 |
_aMarshall Jane _93358 |
||
| 245 |
_aMultiple choice questions for the MRCP sych: _bPart I Examination / _cJane Marshall |
||
| 260 |
_aOxford: _bButterworth Heinemann; _c1995. |
||
| 300 |
_ax, 228 p : _c23 cm |
||
| 504 | _aIncludes bibliographical references and index. | ||
| 650 |
_aMRCP _91991 |
||
| 942 |
_2z _cSLOAN |
||
| 999 |
_c1254 _d1254 |
||